| 000 | 00643nam a2200193Ia 4500 | ||
|---|---|---|---|
| 008 | 151121s9999||||xx |||||||||||||| ||und|| | ||
| 082 | _a818/ढसाळ | ||
| 082 | _bHNW-78956 | ||
| 100 | _aढसाळ नामदेव | ||
| 245 | _aआंबेडकरी चळवळ आणि | ||
| 260 | _b"प्रभात प्रकाशन, मुंबई" | ||
| 260 | _c-- | ||
| 300 | _a110 | ||
| 600 | _aढसाळ नामदेव | ||
| 630 | _aआंबेडकरी चळवळ आणि | ||
| 700 | _aढसाळ नामदेव | ||
| 730 | _aआंबेडकरी चळवळ आणि | ||
| 942 | _cBOOK | ||
| 999 |
_c1260359 _d1260356 |
||